000 02275cam a22004694i 4500
003 PE-LiUPU
005 20250731172821.0
008 150617s1961 sp r 000 0 spa d
035 _a(Sirsi) a13982
040 _aPE-LiUPU
_bspa
_cPE-LiUPU
_erda
049 _aPRUA
082 0 4 _a270.98
_bA42
_221
100 1 _aAlonso, Isidoro,
_eautor.
245 1 3 _aLa Iglesia en Perú y Bolivia :
_bEstructuras eclesiásticas /
_cpor Isidoro Alonso, Ginés Garrido, Monseñor Dammert Bellido, Julio Tumiri.
264 1 _aMadrid :
_bSucesores De Rivadeneyra,
_c1961.
300 _a270 páginas :
_bilustraciones ;
_c21 centímetros.
336 _atext
_2rdacontent
337 _aunmediated
_2rdamedia
338 _avolume
_2rdacarrier
490 0 _aEstudios Socio - Religiosos Latino - Américanos ;
_v3 / 2
505 0 _aEstructuras Eclesiásticas de Perú: Estructuras sociales -- Estructuras eclesiásticas: División territorial eclesiásticas -- Estructura parroquial -- El clero. -Funciones del Clero -- La edad -- La nacionalidad -- Origen geográfico y movilidad del clero diocesano nacional -- Los religiosos -- Organizaciones sociales y apostólicas -- Evolución de las estructuras eclesiásticas -- Estructuras Eclesiasticas de Bolivia: Estructuras sociales -- Estructuras eclesiásticas: División territorial eclesiásticas -- Estructura parroquial. -El clero -- Los seminarios -- Los religiosos -- Organizaciones sociales y apostólicas.
526 _aSEG42
526 _aSEG41
526 _aSEG40
526 _aSEG39
526 _aP94
526 _aP87
526 _aP86
526 _aP85
526 _aP77
526 _aP76
526 _aP35
610 2 _aIglesia Católica
_zBolivia
_ySiglo XX.
610 2 _aIglesia Católica
_zPerú
_ySiglo XX
910 _ajck
_bjvq
_cjck
_d20150616
942 _2ddc
_cBOOK
949 _a270.98 A42
_wDEWEY
_c1
_i12620
_lCCODEBUL1
_mBUL
_p22.00
_r0
_sY
_tBOOK
_u2015-04-21
_xTEOLOGIA
_PP35
_0COMPRA
_o.STAFF. Colección Teología
994 _aC0
_bPEPRU
596 _a1
999 _a270.98 A42
_wDEWEY
_c4409
_i12620
_d4409
_e2016-1-11
_f2021-11-12
_g5
_lCCODEBUL1
_mBUL
_n1
_p22.00
_r0
_sY
_tBOOK
_u2015-4-21
_xTEOLOGIA
_PP35
_0COMPRA
_o.STAFF. Colección Teología
980 _81
_gALBERTO SANCHEZ Responsable de Automatización